000 00983nam0a22002771 4500
001 rc\4431116
005 20260407100619.0
021 _aRU
_b[58-41642]
035 _a(NLR Aleph) 008575755
090 _a8553700
_c8553700
100 _a20130416d1958 |||y0rusy50 ca
101 0 _arus
102 _aRU
105 _aa z |||||
200 1 _aКокономотальный автомат СКЭ-4-ВУ
_fВсесоюз. пром. выставка. Павильон "Шелк"
210 _aМосква
_c[БТИ легкой пром-сти]
_d1958
215 _a7 с.
_cил.
_d20
300 _aАвт. указан на обороте тит. л.
606 _aКокономотательные машины
_2psbo
700 1 _aИванов
_bЮ.Д.
712 1 2 _aВсесоюзная промышленная выставка
_3RU\NLR\AUTH\889927087
_9349838
801 0 _aRU
_bNLR
_gpsbo
801 1 _aRU
_bELAR
_2rusmarc
852 _aNLR
_j58-4/11648
942 _cBOOK
980 _aNB